| 000 | 00765cam a2200277 4500500 | ||
|---|---|---|---|
| 005 | 20260405000245.0 | ||
| 041 | _afre | ||
| 042 | _adc | ||
| 100 | 1 | 0 |
_aMoreau, Anne-Sophie _eauthor |
| 245 | 0 | 0 | _aCongé paternité : de qui se moque-t-on ? |
| 260 | _c2023. | ||
| 500 | _a36 | ||
| 690 | _aCarrière | ||
| 690 | _aDiversité | ||
| 690 | _aEntreprise | ||
| 690 | _aFemmes/hommes | ||
| 690 | _aInégalités | ||
| 690 | _aManagement | ||
| 690 | _aPolitique | ||
| 690 | _aRémunération | ||
| 690 | _aRessources humaines | ||
| 690 | _aTravail | ||
| 690 | _aVie pro / vie perso | ||
| 786 | 0 | _nPhilonomist | - | 4 | 2023-03-06 | p. 43-46 | |
| 856 | 4 | 1 | _uhttps://shs.cairn.info/magazine-philonomist-2023-4-page-43?lang=fr&redirect-ssocas=7080 |
| 999 |
_c2035230 _d2035231 |
||